00809nam a2200253 a 450000100060000000300080000600500170001400800410003102000210007203500190009304000350011204100080014708200220015510000340017724500760021126000390028730000320032650400660035865000380042465000250046265000270048765000210051470000200053560781BD-RJUL20211209080900.0170103s1990 enka b 001 0 eng d a0631166033 (hbk) a(BD-RjUL)60905 aBD-RjULbengcBD-RjULdBD-RjUL aeng a337223bHEM 19901 aHeffernan, Shelagh A.,d1956-10aModern international economics /cShelagh Heffernan and Peter Sinclair. aOxford :bBasil Blackwell,cc1990. aix, 334 p :bill. ;c23 cm. aIncludes bibliographical references: p. [316]-326, and index. 0aInternational economic relations. 0aInternational trade. 0aInternational finance. 0aEconomic policy.1 aSinclair, Peter